000 00272nam a2200097Ia 4500
008 171211s9999 xx 000 0 und d
245 4 _aThe Book of Krav-Maga: The Bible
260 _c2007
650 _xMartial Arts
856 _uhttp://down.ebook777.com/057/9788590711100.pdf
999 _c348192
_d348192